| 000 | 00398nam a2200181Ia 4500 | ||
|---|---|---|---|
| 001 | 17536 | ||
| 003 | GE_BSU | ||
| 008 | 181216s||||||||xx |||||||||||||| ||und|| | ||
| 040 | _cGE_BSU | ||
| 080 | _a811.111+339.1 | ||
| 100 | _aTulis,Graham | ||
| 245 | _aNew insights into business | ||
| 260 | _c2006 | ||
| 300 | _a176p. | ||
| 541 | _h7 Gel. | ||
| 653 | _aNew insights into business | ||
| 942 | _cBK | ||
| 999 |
_c50586 _d50586 |
||